[Event "CZE-ch Junior 2020"]
[Site "Kouty nad Desnou"]
[Date "2020.03.09"]
[Round "5.6"]
[White "Simet, Martin"]
[Black "Skalsky, Alexandr"]
[Result "0-1"]
[WhiteElo "2218"]
[BlackElo "2201"]
[Annotator "ChessBase"]
[PlyCount "72"]
[EventDate "2020.03.07"]
[EventCountry "CZE"]
[SourceTitle "playchess.com"]
[Source "ChessBase"]
[SourceQuality "1"]
[TimeControl "5400+30"]

1. d4 {[%emt 0:00:00]} Nf6 {[%emt 0:00:00]} 2. Bf4 {[%emt 0:00:00]} g6 {[%emt 0:00:00]} 3. e3 {[%emt 0:00:51]} Bg7 {[%emt 0:00:00]} 4. Nd2 {[%emt 0:00:57]} d6 {[%emt 0:03:04]} 5. Ngf3 {[%emt 0:03:20]} c5 {[%emt 0:07:12]} 6. c3 {[%emt 0:02:28]} O-O {[%emt 0:00:23]} 7. Be2 {[%emt 0:03:01]} Nc6 {[%emt 0:03:11]} 8. h3 {[%emt 0:05:07]} cxd4 {[%emt 0:01:21]} 9. exd4 {[%emt 0:06:40]} e5 {[%emt 0:01:11]} 10. dxe5 {[%emt 0:04:10]} dxe5 {[%emt 0:00:16]} 11. Nxe5 {[%emt 0:02:39]} Nd5 {[%emt 0:00:38]} 12. Nxc6 {[%emt 0:01:53]} bxc6 {[%emt 0:00:03]} 13. Bg3 {[%emt 0:10:32]} Re8 {[%emt 0:00:32]} 14. O-O {[%emt 0:11:58]} Bxc3 {[%emt 0:00:13]} 15. Qc1 {[%emt 0:04:52]} Bxb2 {[%emt 0:21:39]} 16. Qxb2 {[%emt 0:00:09]} Rxe2 {[%emt 0:00:02]} 17. Rfd1 {[%emt 0:04:41]} Qb6 {[%emt 0:07:39]} 18. Qc1 {[%emt 0:01:16]} Bf5 {[%emt 0:11:38]} 19. Nf3 {[%emt 0:00:38]} Re4 {[%emt 0:06:59]} 20. Qh6 {[%emt 0:11:07]} f6 {[%emt 0:04:45]} 21. Rac1 {[%emt 0:00:37]} Rae8 {[%emt 0:02:12]} 22. Bd6 {[%emt 0:00:44]} Bd7 {[%emt 0:06:22]} 23. Nh4 {[%emt 0:04:13]} g5 {[%emt 0:04:11]} 24. Nf3 {[%emt 0:00:50]} R4e6 {[%emt 0:09:08]} 25. Bc5 {[%emt 0:02:07]} Qb8 {[%emt 0:01:50]} 26. Rb1 {[%emt 0:01:14]} Qc7 {[%emt 0:00:05]} 27. Rb3 {[%emt 0:04:19]} Nf4 {[%emt 0:01:48]} 28. Rdb1 {[%emt 0:02:10]} f5 {[%emt 0:02:31]} 29. Qxg5+ {[%emt 0:02:21]} Rg6 {[%emt 0:00:00]} 30. Rb7 {[%emt 0:00:16]} Nxh3+ {[%emt 0:02:54]} 31. Kf1 {[%emt 0:02:34]} Qa5 {[%emt 0:01:39]} 32. gxh3 {[%emt 0:01:56]} Rxg5 {[%emt 0:00:09]} 33. Nxg5 {[%emt 0:00:06]} Bc8 {[%emt 0:01:04]} 34. Re7 {[%emt 0:00:55]} Rxe7 {[%emt 0:00:27]} 35. Bxe7 {[%emt 0:00:02]} Qe5 {[%emt 0:00:57]} 36. Re1 {[%emt 0:00:14]} Ba6+ {[%emt 0:00:03]} 0-1

[Event "CZE-ch Junior 2020"]
[Site "Kouty nad Desnou"]
[Date "2020.03.10"]
[Round "6.1"]
[White "Brejnik, Gustav"]
[Black "Skalsky, Alexandr"]
[Result "1/2-1/2"]
[WhiteElo "2259"]
[BlackElo "2201"]
[Annotator "TA"]
[PlyCount "86"]
[EventDate "2020.03.07"]
[EventCountry "CZE"]
[SourceTitle "playchess.com"]
[Source "ChessBase"]
[SourceQuality "1"]

{[%evp 17,86,19,17,0,11,8,21,4,8,1,0,-2,-2,6,10,-16,-10,-6,-4,-22,-22,-26,-22,-17,0,-8,-8,-9,-12,-14,-13,-12,-18,-27,-7,-7,-9,-34,-34,-35,-35,-35,-35,-34,-36,-79,-74,-75,-83,-83,-83,-81,-77,-72,-86,-85,-62,-64,-68,-87,-82,-99,-41,-42,-28,-44,-39,-53,0,0,0]} 1. d4 Nf6 2. c4 g6 3. g3 Bg7 4. Bg2 d5 5. cxd5 Nxd5 6. Nf3 Nb6 7. Nc3 Nc6 8. e3 O-O {8...e5 is more fashionable. Played by Vladislav Artemiev in December 2019.} 9. O-O Re8 10. Nh4 {D76: Fianchetto Grünfeld: Main Line with 7...Nb6.} e5 {[%cal Re5d4]} 11. d5 Nb4 12. a3 Na6 {aiming for ...e4!} 13. Qc2 Bd7 14. e4 c6 15. dxc6 Bxc6 {[#]} 16. b3 $146 ({Predecessor:} 16. Rd1 Qe7 17. Nf3 Nc7 18. Be3 Rad8 19. Bg5 Bf6 20. Bxf6 Qxf6 21. h4 Ne6 22. Rxd8 Rxd8 23. Rd1 Rxd1+ 24. Qxd1 Nc5 25. Qe2 Nb3 26. Qd3 Nc5 27. Qe2 Nb3 {½-½ (27) Toro Solis de Ovando,G (2525)-Siefring,C (2485) ICCF email 2015}) 16... Rc8 17. Be3 Qe7 18. Qb2 Rcd8 19. Bxb6 axb6 20. b4 {Strongly threatening b5.} Bd7 21. Nd5 Qd6 22. Rfd1 Nc7 23. Ne3 Qe6 24. Rac1 Bc6 25. Nf3 Rxd1+ 26. Rxd1 Bh6 27. Nxe5 {[%mdl 64] [#] Decoy} Qxe5 28. Qxe5 Rxe5 29. Ng4 {[%mdl 64] Double Attack} Bg7 {Hoping for ...Re7.} 30. Nxe5 Bxe5 31. Rd8+ Kg7 32. f4 Bb2 33. Rd3 Bb5 34. Rb3 Bd4+ 35. Kh1 Bc4 36. Rb1 b5 37. e5 b6 38. Bc6 Ne6 39. Kg2 Nd8 (39... g5 $17 40. Kf3 gxf4 41. gxf4 Bd3) 40. Ba8 $15 Kf8 41. Kf3 Ne6 42. Ke4 Ba2 ({Black should try} 42... f6 $15) 43. Rd1 $11 Bb2 {Accuracy: White = 90%, Black = 91%.} 1/2-1/2

[Event "CZE-ch Junior 2020"]
[Site "Kouty nad Desnou"]
[Date "2020.03.10"]
[Round "6.2"]
[White "Sramek, Vojtech"]
[Black "Simet, Martin"]
[Result "0-1"]
[WhiteElo "2181"]
[BlackElo "2218"]
[Annotator "TA"]
[PlyCount "148"]
[EventDate "2020.03.07"]
[EventCountry "CZE"]
[SourceTitle "playchess.com"]
[Source "ChessBase"]
[SourceQuality "1"]

{[%evp 9,148,62,81,60,66,60,107,86,100,89,107,72,74,43,62,40,25,48,65,58,60,21,43,44,49,46,60,54,75,-28,-19,-29,-20,-20,-20,-20,-13,-20,-24,-106,-56,-66,-66,-54,-59,-64,-64,-64,-60,-43,-12,-77,-83,-119,-118,-126,-125,-119,-114,-125,-132,-145,-143,-226,-138,-260,-257,-261,-242,-294,-308,-370,-254,-547,-553,-589,-605,-529,-504,-476,-751,-691,-696,-679,-673,-949,-995,-721,-847,-829,-583,-763,-300,-740,-694,-689,-685,-511,-414,-390,-293,-1170,-1659,-972,0,-29973,0,-29974,-29975,-29975,-29976,-29969,-29967,-29960,-6239,-29978,-29979,-29978,-29977,-29977,-29974,-29972,-2515,-1312,-1263,-1259,-1066,-5522,-4688,-29966,-29967,-29963,-29965,-29951,-5618,-29971,-29973,-29971,-29975,-29966,-29966]} 1. e4 c5 2. Nf3 a6 3. c3 d6 4. d4 Nd7 5. Bd3 g6 6. O-O {B28: Sicilian: 2 Nf3 a6 (O'Kelly Variation).} Bg7 7. Re1 b6 {[#]} 8. e5 $146 {White is better.} ({Predecessor:} 8. Nbd2 Bb7 9. a4 Qc7 10. Qe2 e5 11. dxe5 dxe5 12. Nf1 Ngf6 13. Ng3 O-O 14. h4 {0-1 (42) Van Gelder,B (2155)-Zubarev,A (2548) Rethymno 2009}) 8... dxe5 9. dxe5 Nf8 10. c4 Bf5 11. Bxf5 Qxd1 $1 12. Rxd1 gxf5 13. Nc3 Nd7 14. Bf4 e6 15. Rd6 {Hoping for Rad1.} Ne7 16. Rad1 Ra7 17. Na4 Nc8 18. R6d2 Rc7 19. Ng5 ({White should try} 19. b3 $16) 19... Nxe5 $11 20. Re1 Nxc4 21. Rc2 N4d6 22. Nxb6 $1 Nxb6 23. Bxd6 Rc6 24. Rd1 (24. Bxc5 $11 {remains equal.} Na4 25. b4) 24... c4 25. Nf3 Nd5 26. Be5 f6 $1 {[%cal Rf6e5]} 27. Nd4 {Threatens to win with Bxf6.} Rb6 28. Bg3 f4 $36 {[%mdl 2048] White is under pressure.} 29. Bh4 Ne7 30. f3 (30. Rxc4 $11 {keeps the balance.} Rd6 31. Rdc1) 30... Rd6 $17 {Strongly threatening ...Nf5. Black keeps a firm grip on the game.} 31. Rcd2 Kf7 32. Ne2 Rxd2 33. Rxd2 Nd5 34. Rc2 Rc8 35. a3 f5 36. Bf2 (36. Be1 $17 {is a better defense.}) 36... e5 37. Nc3 (37. g3 $17) 37... Nxc3 $19 38. bxc3 {[%mdl 4096] Endgame KRB-KRB} Rb8 {White must now prevent ...Rb1+.} 39. Bc5 Rb5 40. Ba7 Rb3 41. Bc5 $2 (41. g3) 41... e4 42. fxe4 fxe4 43. Bb4 e3 44. Kf1 Rb1+ 45. Ke2 Rg1 46. Kf3 Rf1+ 47. Ke2 Rf2+ 48. Kd1 Rxc2 49. Kxc2 {KB-KB} Ke6 50. Kd1 Kd5 $2 (50... Ke5 51. Ke2 Ke4) 51. Ke2 Ke4 52. a4 h5 53. Ba5 h4 {( -> ...h3!)} 54. h3 Be5 55. Bb4 {and the idea Ba5 leaves White hopeful.} Bc7 56. Be7 Be5 (56... Ba5 $19 57. Bf6 Kf5) 57. Bb4 {Now Ba5 and White clings on.} Bg7 58. Ba5 $1 Bf6 59. Bb4 Bd8 60. Bf8 a5 61. Ba3 Bf6 62. Bb2 Be7 63. Bc1 Bc5 64. Bb2 {[#]} f3+ $1 {[%mdl 512]} 65. gxf3+ Kf4 (65... Ke5 $142 66. f4+ Kxf4 67. Bc1 Kg3 68. Bxe3 Bxe3 69. Kxe3 Kxh3 70. Kd4 Kg3 71. Kc5 h3 72. Kxc4 h2 73. Kc5 h1=Q 74. Kb6 Qd5 75. Kc7 Kf4 76. Kb6 Ke5 77. Ka7 Kd6 78. c4 Qxc4 79. Kb8 Qb4+ 80. Ka8 Kc6 81. Ka7 Qb7#) 66. Bc1 Bb6 67. Ba3 Kg3 68. Bd6+ Kxh3 69. Kf1 Bd8 70. Be5 {[#]} e2+ $1 {[%mdl 576] Deflection} 71. Kxe2 Kg2 72. Ke3 h3 {Black mates.} 73. Ke4 Bh4 74. Kd5 Bg3 {Accuracy: White = 57%, Black = 83%.} 0-1

[Event "CZE-ch Junior 2020"]
[Site "Kouty nad Desnou"]
[Date "2020.03.10"]
[Round "6.3"]
[White "Stinka, Jakub"]
[Black "Sprenar, Petr"]
[Result "0-1"]
[WhiteElo "2263"]
[BlackElo "2302"]
[Annotator "TA"]
[PlyCount "114"]
[EventDate "2020.03.07"]
[EventCountry "CZE"]
[SourceTitle "playchess.com"]
[Source "ChessBase"]
[SourceQuality "1"]

{[%evp 25,114,-15,-2,-18,0,0,11,0,16,0,0,-16,0,-14,-15,-22,-20,-50,-57,-148,-73,-60,-29,-79,-113,-105,-106,-135,-85,-87,-93,-81,-51,-110,-56,-57,-53,-51,0,0,14,15,16,-8,-5,-5,-5,-5,-5,-10,-13,-100,-99,-231,-231,-227,-170,-312,-281,-275,-160,-505,-160,-160,-160,-458,-164,-168,-168,-901,-636,-749,-904,-662,-904,-937,-904,-1453,-1360,-1313,-1176,-1125,-1177,-1022,-956,-1881,-1105,-6070,-5572,-5431,-5414]} 1. d4 d5 2. c4 e6 3. Nc3 Bb4 4. Nf3 Nf6 5. Bg5 h6 6. Bxf6 Qxf6 7. Qa4+ Nc6 8. cxd5 exd5 9. e3 O-O 10. Be2 Be6 11. O-O a6 12. Rfc1 Bd6 13. Qd1 Ne7 14. a3 {D38: Queen's Gambit Declined: Ragozin Defence (4 Nf3 Bb4).} g5 15. e4 dxe4 16. Nxe4 {The position is equal.} Qf4 17. Nxd6 (17. Bd3 {keeps more tension.} Bg4 18. Nxd6 Qxd6 19. h3 Bh5 20. Bc2) 17... Qxd6 {[#]} 18. Rc5 $146 ({Predecessor:} 18. Bc4 Bxc4 19. Rxc4 Ng6 20. Rac1 c6 21. Rb4 Rab8 22. g3 Rfd8 23. Qb3 b5 24. Qc2 {½-½ (50) Arabidze,M (2398)-Di Benedetto,D (2235) Linares 2019}) 18... b6 19. Rcc1 Nf5 20. Bd3 Rad8 $36 {[%mdl 2048] White is under pressure.} 21. Bxa6 g4 22. Nd2 ({Better is} 22. d5 $1 $15) 22... Qxd4 (22... Nxd4 $142 {Hoping for ...b5.} 23. a4 Qf4) 23. Nf1 $17 Qf4 ({Reject} 23... Qxb2 $6 24. Qxg4+ Kh8 25. Ng3 $11) 24. Qe1 Nd4 25. Rc3 b5 26. Ne3 c6 27. a4 b4 28. Rd3 c5 29. Rc1 (29. Qf1 $15) 29... Nb3 (29... Rd6 $17 30. Bc4 Bxc4 31. Rxc4 Re8) 30. Rxd8 Rxd8 31. Rd1 Rxd1 (31... Nd4 $15) 32. Qxd1 $11 Qd4 (32... c4 {looks sharper.} 33. a5 Qe4 34. Bb5 Nxa5 35. Qd8+ Kg7) 33. Qxd4 cxd4 {[%mdl 4096] Endgame KBN-KBN} 34. Nf1 Kf8 35. f3 gxf3 36. gxf3 Ke7 37. Kf2 Bd7 {Threatening ...Nc5.} (37... Nc5 $5 38. Bb5 $8 Bd7 $11) 38. Bc4 (38. Ng3 $11) 38... Bxa4 $17 39. Bxb3 {White does not recover from this.} (39. Ng3 $17) 39... Bxb3 {KB-KN} 40. Nd2 Bd5 41. Kg3 (41. Ke2 $142) 41... Ke6 $19 42. Kf4 f5 ({Black should play} 42... Bc6 $19 43. h4 Kd5) 43. Nb1 $2 (43. Kg3 $17 {is tougher.}) 43... Bc4 $2 (43... Bb3 $1 $19 {[%cal Rb3c2] is more deadly.} 44. Nd2 Bd1) 44. Nd2 $17 Bd3 45. Nb3 $2 (45. Kg3 $17) 45... Kd5 $19 46. Nd2 {[#]} Bc2 $1 47. Kg3 $2 {[#]} (47. h4) 47... d3 $1 {Black is clearly winning.} 48. Kf4 Kd4 49. Nf1 Bb1 50. Nd2 Ba2 51. Nf1 {[#]} d2 $1 {[%mdl 512]} 52. Nxd2 Kd3 53. Nf1 Kc2 54. Kxf5 Kxb2 55. Ke4 Kc3 56. Ke3 b3 {[%cal Bb4b3,Bb3b2][%mdl 32]} 57. Nd2 b2 {Accuracy: White = 40%, Black = 70%.} 0-1

[Event "CZE-ch Junior 2020"]
[Site "Kouty nad Desnou"]
[Date "2020.03.10"]
[Round "6.4"]
[White "Eret, Jonas"]
[Black "Mica, Marek"]
[Result "1/2-1/2"]
[WhiteElo "2211"]
[BlackElo "2306"]
[Annotator "TA"]
[PlyCount "129"]
[EventDate "2020.03.07"]
[EventCountry "CZE"]
[SourceTitle "playchess.com"]
[Source "ChessBase"]
[SourceQuality "1"]

{[%evp 9,129,-5,29,16,47,28,117,115,111,121,123,128,133,74,77,60,70,66,170,177,202,201,222,247,360,341,345,347,434,377,356,349,492,518,509,491,507,495,503,504,647,618,641,645,714,708,706,706,684,687,687,689,673,646,777,762,865,862,857,854,902,872,822,765,821,758,748,740,726,708,649,138,115,0,0,0,0,0,15,16,20,16,33,19,39,0,0,0,20,-8,14,14,14,15,14,8,8,8,8,0,0,0,0,0,8,8,13,12,13,8,8,8,8,8,8,8,8,8,8,8,8,0]} 1. d4 Nf6 2. Nf3 d5 3. Bf4 c5 4. e3 Nc6 5. Nbd2 Bf5 6. dxc5 {D02: 1 d4 d5 2 Nf3 sidelines, including 2...Nf6 3 g3 and 2...Nf6 3 Bf4.} e6 7. Nd4 {[#]} Bg4 $146 (7... Bxc5 $11 {keeps the balance.} 8. Nxf5 exf5) ({Predecessor:} 7... Bxc5 8. Nxf5 exf5 9. Nb3 Bb6 10. Bd3 Qd7 11. O-O O-O 12. Qf3 Qe6 13. c3 Ne4 {1-0 (44) Mamedyarov,S (2746)-Artemiev,V (2653) Almaty 2016}) 8. f3 $16 {White is better.} Bh5 9. Bb5 Qc8 10. b4 Nd7 11. Nxc6 ({White should play} 11. c4) 11... bxc6 12. Be2 a5 13. a3 e5 (13... g5 $14 14. Bxg5 Rg8) 14. Bg3 $18 f5 15. O-O Bf7 16. c4 g5 (16... Be7 $142 17. cxd5 cxd5) 17. cxd5 cxd5 18. Bb5 Bg7 19. c6 Nb6 20. c7+ Ke7 (20... Nd7 {might work better.} 21. Qc2 O-O) 21. Qc2 Qe6 22. Bc6 Rac8 23. Qc5+ {[%mdl 64] [#] Double Attack} Qd6 24. Qxb6 Rxc7 25. b5 Rhc8 26. Qxa5 f4 27. exf4 exf4 28. Rae1+ Kf8 29. Bf2 Kg8 30. Bb6 Rxc6 31. bxc6 Qxc6 {[#]} 32. Rc1 $1 Qxc1 33. Rxc1 Rxc1+ 34. Kf2 Bc3 35. Qa8+ Kg7 36. Ba5 Bd4+ 37. Ke2 Rg1 38. Kd3 Bf6 39. Qa7 Re1 40. Bb6 $2 (40. Bb4 $18 {has better winning chances.}) 40... Re7 $16 41. Qxe7 (41. Qa4 $16 Be8 42. Qb4 Bg6+ 43. Ne4) 41... Bxe7 {[%mdl 4096] Endgame KBB-KBN} 42. a4 Be8 43. a5 Bb5+ 44. Kd4 Bb4 45. Nb3 Bf1 46. Ke5 Kg6 47. Bc5 Be1 {The position is equal.} 48. Bb6 h5 49. Nc5 Bxa5 (49... Bxg2 {seems wilder.} 50. a6 Bc3+ 51. Ke6 Bxf3 52. Nd3 Be4) 50. Bxa5 Bxg2 51. Bd8 Bxf3 52. Nd7 {Threatens to win with Nf8+.} h4 53. Nf8+ Kh5 $1 54. Ne6 Bg4 55. Ng7+ ({Don't go for} 55. Kxd5 $2 Bxe6+ 56. Kd4 (56. Kxe6 $2 g4 $19) 56... Kg4 $19) 55... Kg6 {White must now prevent ...f3.} 56. Ne8 Bh3 (56... f3 $5 57. Bb6 $8 Bd7 $11) 57. Nf6 f3 58. Bb6 g4 {And now ...g3 would win.} 59. Nxd5 {Hoping for Nf4+.} g3 $132 {[%mdl 2048] Black has counterplay} 60. Nf4+ Kg5 $1 61. Nxh3+ Kg4 62. Nf2+ gxf2 63. Bxf2 Kh3 64. Kf4 $1 Kxh2 65. Ke4 {Black escapes into a draw. Accuracy: White = 91%, Black = 74%.} 1/2-1/2

[Event "CZE-ch Junior 2020"]
[Site "Kouty nad Desnou"]
[Date "2020.03.10"]
[Round "6.5"]
[White "Finek, Vaclav"]
[Black "Bulockin, Martin"]
[Result "0-1"]
[WhiteElo "2211"]
[BlackElo "2218"]
[Annotator "TA"]
[PlyCount "58"]
[EventDate "2020.03.07"]
[EventCountry "CZE"]
[SourceTitle "playchess.com"]
[Source "ChessBase"]
[SourceQuality "1"]

{[%evp 9,58,-21,3,-9,-10,0,10,8,13,0,8,0,2,-13,-6,-39,2,-28,0,0,17,20,22,31,24,26,14,12,13,0,0,0,0,-69,-57,-48,-42,-111,-84,-519,-339,-315,-303,-951,-934,-1529,-1507,-1470,-1160,-1140,-1095]} 1. e4 c5 2. Nf3 e6 3. b3 a6 4. c4 Nc6 {[#]} 5. Bd3 $146 ({Predecessor:} 5. Bb2 Nf6 6. e5 Ng4 7. h3 Nh6 8. g4 d6 9. exd6 f6 10. d4 cxd4 11. Nxd4 Qxd6 12. Qd2 Qe5+ 13. Kd1 Qc7 14. Bg2 Bd7 15. Re1 O-O-O 16. Bxc6 Bxc6 17. Rxe6 Bc5 18. Kc1 Nf7 19. f4 Qd7 {0-1 (19) Antipov,M (2588)-Matlakov,M (2738) Moscow 2017}) 5... e5 6. O-O {B40: Sicilian: 2...e6, Unusual lines.} Nge7 7. Nc3 d6 8. Nd5 {The position is equal.} Bg4 9. h3 Bxf3 10. Qxf3 Nxd5 11. exd5 Nd4 12. Qg3 f5 13. Re1 Qf6 14. b4 b6 15. bxc5 bxc5 16. Bb2 Be7 17. Bxd4 cxd4 18. c5 e4 19. c6 O-O 20. Bc4 Qh6 21. Qb3 (21. Rf1 $11) 21... Qxd2 22. Rad1 Qa5 23. Qb7 (23. Rb1 $15) 23... Bf6 24. f3 $2 {[%mdl 8192] [#] Now White is beyond hope.} (24. Rb1 $17) 24... d3 25. Kh1 Qc5 26. Bb3 $2 (26. Bxd3 exd3 27. Rxd3) 26... Ra7 $19 {Black is clearly winning.} 27. Qd7 Rxd7 28. cxd7 Bh4 29. Rg1 Bf2 {Accuracy: White = 46%, Black = 75%.} 0-1

[Event "CZE-ch Junior 2020"]
[Site "Kouty nad Desnou"]
[Date "2020.03.10"]
[Round "6.6"]
[White "Cerny, David"]
[Black "Riha, Vojtech"]
[Result "0-1"]
[WhiteElo "2181"]
[BlackElo "2306"]
[Annotator "TA"]
[PlyCount "64"]
[EventDate "2020.03.07"]
[EventCountry "CZE"]
[SourceTitle "playchess.com"]
[Source "ChessBase"]
[SourceQuality "1"]

{[%evp 11,64,38,20,22,10,4,0,-14,-18,-24,-12,-22,-37,-41,-25,-45,-42,-55,-42,-38,-31,-98,-88,-119,-110,-110,-120,-116,-93,-138,-132,-152,-135,-174,-199,-373,-251,-247,-92,-625,-630,-617,-614,-1115,-1104,-1106,-1098,-1176,-1141,-1205,-770,-1493,-1471,-5577,-5398]} 1. c4 e5 2. g3 Nf6 3. Bg2 d5 4. cxd5 Nxd5 5. Nc3 Ne7 6. Nf3 Nbc6 7. d3 {A29: English Opening: Four Knights Variation with 4 g3.} g6 8. Bg5 Bg7 9. O-O {The position is equal.} h6 10. Bd2 O-O 11. Rc1 Be6 12. a3 {[#]} a5 $146 ({Predecessor:} 12... a6 13. Ne4 Bd5 14. Be3 Bxe4 15. dxe4 Qc8 16. Qb3 b5 17. Rfd1 Rd8 18. h4 Na5 {1-0 (25) Timofeev,A (2580)-Didenko,I Sochi 2018}) 13. Ne4 b6 14. Bc3 Nd4 15. Ned2 Nd5 16. Bxd4 ({White should play} 16. e3 $15 Nxc3 17. bxc3 Nxf3+ 18. Nxf3) 16... exd4 $17 17. Qa4 c5 18. Nc4 Re8 19. Rfe1 Qc7 20. h4 Rab8 {[#] ...b5 is the strong threat.} 21. Qd1 f5 22. Qd2 f4 23. Kh2 $2 (23. g4 {was necessary.}) 23... Rf8 24. a4 Nf6 $2 (24... Rbe8 $19 {White must now prevent ...fxg3+.} 25. Rf1 Re7) 25. Nce5 $2 {[%mdl 8192]} (25. gxf4 $17 Ng4+ {[%mdl 64] Double Attack} 26. Kg3) 25... fxg3+ $19 {Black is clearly winning.} 26. fxg3 Nh5 27. Nc4 Qxg3+ 28. Kh1 Rf4 29. Rf1 Rg4 {[%csl Gg4][%cal Rg3g2] [#]} 30. e4 Nf4 31. Rc2 Bxc4 32. dxc4 d3 {Black took control after the opening. Accuracy: White = 50%, Black = 75%.} 0-1

[Event "CZE-ch Junior 2020"]
[Site "Kouty nad Desnou"]
[Date "2020.03.11"]
[Round "7.1"]
[White "Riha, Vojtech"]
[Black "Brejnik, Gustav"]
[Result "1-0"]
[WhiteElo "2306"]
[BlackElo "2259"]
[Annotator "TA"]
[PlyCount "79"]
[EventDate "2020.03.07"]
[EventCountry "CZE"]
[SourceTitle "playchess.com"]
[Source "ChessBase"]
[SourceQuality "1"]

{[%evp 20,79,61,60,60,62,65,21,64,0,127,138,139,137,266,262,282,256,253,155,237,223,236,235,362,228,670,675,661,661,633,347,334,277,348,350,337,334,320,335,404,380,475,468,1076,1037,937,966,1244,1118,1475,1440,1373,1306,29992,29993,29993,29994,29994,29995,29995,29996]} 1. e4 e5 2. Nf3 Nc6 3. d4 exd4 4. Nxd4 Nf6 5. Nxc6 bxc6 6. e5 Qe7 7. Qe2 Nd5 8. c4 Ba6 9. b3 g6 10. f4 Bg7 11. Qf2 Nf6 {Strongly threatening ...Ng4. C45: Scotch Game.} 12. Be2 Ne4 13. Qf3 (13. Qe3 $5 {[%cal Re3e4]} f5 14. Ba3 $16) 13... f5 {The position is equal.} 14. Ba3 (14. Nc3 $1 $14) 14... Qe6 (14... c5 $1 $11) 15. Nc3 $16 {Black is now going downhill.} Nxc3 16. Qxc3 d6 (16... O-O-O $16) 17. Qa5 $18 Qc8 18. Bf3 Bb7 {[#]} 19. O-O $146 ({Predecessor:} 19. O-O-O dxe5 20. Rhe1 Kf7 21. fxe5 Re8 22. e6+ Rxe6 23. Rxe6 Kxe6 24. Qe1+ Kf7 25. Qe7+ Kg8 26. Rd7 Qf8 {1-0 (26) Gonzalez Perez,A (2467)-Cabezas Ayala,I (2316) Navalmoral 2013}) 19... O-O (19... Kf7 $16 20. Rad1 dxe5) 20. Rad1 c5 21. exd6 Bxf3 (21... cxd6 {was necessary.} 22. Rxd6 Bxf3) 22. Rxf3 Bd4+ $2 {[#]} (22... cxd6 23. Rxd6 Rd8 24. Qxc5 (24. Bxc5 Rxd6 25. Bxd6 Bd4+ 26. Kh1 Qc6 $18) 24... Qxc5+ 25. Bxc5 Rxd6 26. Bxd6 Rd8) 23. Rxd4 $1 {[%mdl 512]} cxd4 24. Qd5+ Rf7 25. dxc7 {And now Bb2 would win.} Qe8 26. Bb2 Qe4 {With the idea ...Qxd5.} 27. Qd8+ $1 ({Worse is} 27. Qxd4 Qxd4+ 28. Bxd4 Rxc7 $11) ({Not} 27. Bxd4 Qxd5 28. cxd5 Rxc7 $15) 27... Rf8 28. Qxd4 Qxd4+ 29. Bxd4 {[%mdl 4096] Endgame KRR-KRB} Rf7 30. Be5 Rd7 31. b4 {[%cal Bb3b4,Bb4b5][%mdl 32]} Kf7 (31... Rc8 $142 32. c5 Rdxc7 33. Bxc7 Rxc7) 32. Ra3 Rd1+ 33. Kf2 Ke6 {[#]} 34. Rxa7 $1 {[%mdl 512]} Re8 (34... Rxa7 35. c8=Q+) 35. b5 Rb1 36. Rb7 {White wants to mate with Rb8.} Ra8 37. Rb8 {White mates.} Rxa2+ 38. Kg3 Rb3+ 39. Kh4 g5+ 40. Kh5 {Accuracy: White = 55%, Black = 27%.} 1-0

[Event "CZE-ch Junior 2020"]
[Site "Kouty nad Desnou"]
[Date "2020.03.11"]
[Round "7.2"]
[White "Bulockin, Martin"]
[Black "Cerny, David"]
[Result "1-0"]
[WhiteElo "2218"]
[BlackElo "2181"]
[Annotator "RC"]
[PlyCount "89"]
[EventDate "2020.03.07"]
[EventCountry "CZE"]
[SourceTitle "playchess.com"]
[Source "ChessBase"]
[SourceQuality "1"]
[TimeControl "5400+30"]

1. e4 {[%emt 0:00:00]} c5 {[%emt 0:00:00]} 2. Nf3 {[%emt 0:00:00]} d6 {[%emt 0:00:15]} 3. c3 {[%emt 0:00:05]} Nf6 {[%emt 0:00:08]} 4. Be2 {[%emt 0:00:06]} Nc6 {[%emt 0:00:16]} 5. d4 {[%emt 0:00:09]} Bg4 {[%emt 0:00:36]} 6. d5 {[%emt 0:06:22]} Bxf3 {[%emt 0:00:42]} 7. Bxf3 {[%emt 0:01:05]} Ne5 {[%emt 0:00:05]} 8. Be2 {[%emt 0:01:39]} g6 {[%emt 0:00:19]} 9. f3 {[%emt 0:02:42]} Bg7 {[%emt 0:00:19]} 10. Be3 {[%emt 0:01:57]} O-O {[%emt 0:00:20]} 11. O-O {[%emt 0:01:39]} a6 {[%emt 0:01:11]} 12. c4 {[%emt 0:03:17]} Re8 {[%emt 0:01:27]} 13. Nc3 {[%emt 0:04:32]} e6 {[%emt 0:01:23]} 14. f4 {[%emt 0:08:36]} Ned7 {[%emt 0:00:43]} 15. dxe6 {[%emt 0:00:28]} Rxe6 {[%emt 0:00:26]} 16. Bf3 {[%emt 0:00:14]} Rb8 {[%emt 0:05:28]} 17. a4 {[%emt 0:05:25]} b5 {[%emt 0:04:48]} 18. axb5 {[%emt 0:01:14]} axb5 {[%emt 0:00:05]} 19. cxb5 {[%emt 0:03:04]} Nb6 {[%emt 0:00:33]} 20. Bf2 {[%emt 0:06:37]} Qc7 {[%emt 0:02:58]} 21. Qc2 {[%emt 0:02:24]} Rbe8 {[%emt 0:01:05]} 22. Ra6 {[%emt 0:02:25]} Nfd7 {[%emt 0:01:20]} 23. Nd5 {[%emt 0:04:41]} Nxd5 {[%emt 0:00:30]} 24. exd5 {[%emt 0:00:02]} R6e7 {[%emt 0:01:34]} 25. Rc6 {[%emt 0:04:08]} Qb8 {[%emt 0:00:54]} 26. Qa4 {[%emt 0:04:59]} Nb6 {[%emt 0:03:36]} 27. Qa6 Nc4 {[%emt 0:02:47]} 28. b6 {[%emt 0:02:34]} Nd2 {[%emt 0:00:56]} 29. Rd1 {[%emt 0:01:47]} Nxf3+ {[%emt 0:00:31]} 30. gxf3 {[%emt 0:00:01]} Bf6 {[%emt 0:08:19]} 31. Rb1 {[%emt 0:04:42]} Kg7 {[%emt 0:02:09]} 32. b4 {[%emt 0:00:36]} cxb4 {[%emt 0:07:41]} 33. Rxb4 {[%emt 0:00:33]} Re1+ {[%emt 0:23:29]} 34. Kg2 {[%emt 0:00:52]} R1e2 {[%emt 0:06:30]} 35. Kf1 {[%emt 0:06:11]} Rd2 {[%emt 0:07:24]} 36. b7 {[%emt 0:01:34]} Qd8 {[%emt 0:02:55]} 37. Rc8 {[%emt 0:09:45]} Bh4 {[%emt 0:02:51]} 38. Qa1+ {[%emt 0:00:19]} Kh6 {[%emt 0:02:49]} 39. Rxd8 {[%emt 0:00:21]} Rxf2+ {[%emt 0:00:21]} 40. Kg1 {[%emt 0:00:03]} Ree2 {[%emt 0:01:01]} 41. Qf1 {[%emt 0:00:10]} Rxf1+ {[%emt 0:02:10]} 42. Kxf1 {[%emt 0:00:01]} Re1+ {[%emt 0:00:06]} 43. Kg2 {[%emt 0:00:05]} Re2+ {[%emt 0:00:42]} 44. Kh3 {[%emt 0:00:08]} Bf2 {[%emt 0:01:48]} 45. b8=Q {[%emt 0:00:26]} 1-0